Southville International School and Colleges
Your cart is empty.
  • Cart
  • Lists
    Public lists Eva Luna New books Lux_list list_1
    Your lists Log in to create your own lists
  • Log in to your account
  • Your cookies
  • Search history
Southville International School and Colleges
  • Advanced search
  • Recent comments
  • Most popular
  • Libraries

Log in to your account

Log in with GOOGLE


If you do not have an external account, but do have a local account, you can still log in:

  1. Home
  2. MARC view: Perception of lower school students on children's rights /
Normal view MARC view ISBD view

Perception of lower school students on children's rights / (Record no. 97531)

[ view plain ]
MARC details
000 -LEADER
fixed length control field 00871nam a2200217 a 4500
003 - CONTROL NUMBER IDENTIFIER
control field 0
005 - DATE AND TIME OF LATEST TRANSACTION
control field 20250320124859.0
008 - FIXED-LENGTH DATA ELEMENTS--GENERAL INFORMATION
fixed length control field 060802s19uu xx 00 eng d
050 ## - LIBRARY OF CONGRESS CALL NUMBER
Classification number PGS HQ 789.P47
Item number .Ot87 2006
100 ## - MAIN ENTRY--PERSONAL NAME
Personal name Otake, Lorraine G.
245 ## - TITLE STATEMENT
Title Perception of lower school students on children's rights /
Statement of responsibility, etc Lorraine G. Otake.
260 ## - PUBLICATION, DISTRIBUTION, ETC. (IMPRINT)
Place of publication, distribution, etc Las Piñas City, Philippines :
Name of publisher, distributor, etc Southville International School and Colleges,
Date of publication, distribution, etc 2006.
300 ## - PHYSICAL DESCRIPTION
Extent 28 pages :
Other physical details illustrations ;
Dimensions 28 cm.
504 ## - BIBLIOGRAPHY, ETC. NOTE
Bibliography, etc Includes bibliographical references.
650 ## - SUBJECT ADDED ENTRY--TOPICAL TERM
Topical term or geographic name as entry element Children's rights
Form subdivision Public opinion
650 ## - SUBJECT ADDED ENTRY--TOPICAL TERM
Topical term or geographic name as entry element Students
Form subdivision Attitudes toward children's rights .
650 ## - SUBJECT ADDED ENTRY--TOPICAL TERM
Topical term or geographic name as entry element Education
Form subdivision Children's rights awareness.
650 ## - SUBJECT ADDED ENTRY--TOPICAL TERM
Topical term or geographic name as entry element Human rights education
Form subdivision Perception among students.
650 ## - SUBJECT ADDED ENTRY--TOPICAL TERM
Topical term or geographic name as entry element Child advocacy
Form subdivision Awareness and perception in schools.
942 ## - ADDED ENTRY ELEMENTS (KOHA)
Source of classification or shelving scheme Library of Congress Classification
Koha item type PASS
Holdings
Withdrawn status Lost status Source of classification or shelving scheme Damaged status Home library Current library Shelving location Date acquired Source of acquisition Total Checkouts Full call number Barcode Date last seen Price effective from Koha item type
    Library of Congress Classification   Luxembourg Library Luxembourg Library Portfolio Assessment of SISC Students Section 07/24/2006 Donation   PGS HQ 789.P47 .Ot87 2006 P1572 04/08/2014 04/08/2014 PASS

Perception of lower school students on children's rights /

APA

Otake L. G., . (2006). Perception of lower school students on children's rights. Las Piñas City, Philippines: Southville International School and Colleges.

Chicago

Otake Lorraine G, . 2006. Perception of lower school students on children's rights. Las Piñas City, Philippines: Southville International School and Colleges.

Harvard

Otake L. G., . (2006). Perception of lower school students on children's rights. Las Piñas City, Philippines: Southville International School and Colleges.

MLA

Otake Lorraine G, . Perception of lower school students on children's rights. Las Piñas City, Philippines: Southville International School and Colleges. 2006.

  • Print
  • Cite
  • Add to your cart (remove)
  • Save record
    BIBTEX Dublin Core MARCXML MARC (non-Unicode/MARC-8) MARC (Unicode/UTF-8) MARC (Unicode/UTF-8, Standard) MODS (XML) RIS
  • More searches
    Search for this title in:
    Other Libraries (WorldCat) Other Databases (Google Scholar) Online Stores (Bookfinder.com) Open Library (openlibrary.org)

Exporting to Dublin Core...

SOUTHVILLE LIBRARY

Southville International School and Colleges Library

1281 Tropical Ave. Cor. Luxembourg St., BF Homes International, Las Pinas City

Tel. No. 8256374 / 252358 Loc. 117/146

Powered by Koha